000 00460cas a22001815a 4500
001 L122710
008 030624c2001 xxkqr p 0 a0eng u
035 _a(Sirsi) u122710
041 0 _aeng
245 0 0 _aUK Power
260 _aMacclesfield
_bMcMillan-Scott plc
_c2001-
362 0 _a2002-
520 _aKept for five years
554 _aFour per year
651 4 _aUnited Kingdom
_y
690 _aENVIRONMENTAL AND LAND CONSULTANCY-ENERGY
942 _n0
999 _c118775
_d118775